[Event "15th Open"]
[Site "Bosnjaci CRO"]
[Date "2010.01.04"]
[Round "2"]
[White "Medic,Mir"]
[Black "Jefic,S"]
[Result "1/2-1/2"]
[WhiteElo "2314"]
[BlackElo "2095"]

1.d4 d5 2.c4 c6 3.Nf3 Nf6 4.Nc3 dxc4 5.a4 Bf5 6.Ne5 Nbd7 7.Nxc4 Qc7 8.g3 e5
9.dxe5 Nxe5 10.Bf4 Nfd7 11.Bg2 g5 12.Ne3 gxf4 13.Nxf5 O-O-O 14.Qc2 Ng6 15.O-O-O Bb4
16.Ne4 Kb8 17.Ned6 Nde5 18.Ne4 Qa5 19.Rxd8+ Rxd8 20.Rd1 Rxd1+ 21.Qxd1 b5
22.axb5 Qa1+ 23.Kc2 Qa4+ 24.Kc1 Qa1+  1/2-1/2

[Event "22nd Open"]
[Site "Staufer GER"]
[Date "2010.01.05"]
[Round "9"]
[White "Postojev,A"]
[Black "Hirneise,T"]
[Result "1/2-1/2"]
[WhiteElo "2343"]
[BlackElo "2421"]

1.d4 d5 2.c4 c6 3.Nf3 Nf6 4.Nc3 dxc4 5.a4 Bf5 6.e3 e6 7.Bxc4 Bb4 8.O-O Nbd7
9.Qe2 Bg4 10.Rd1 Qe7 11.e4 e5 12.d5 O-O 13.h3 Bxf3 14.Qxf3 Rfd8 15.dxc6 bxc6
16.Bg5 h6 17.Be3 Nc5 18.Na2 Rxd1+ 19.Rxd1 Ncxe4 20.Nxb4 Qxb4 21.b3 a5 22.g4 Rb8
23.h4 Nd6 24.Bd2 Qc5 25.Be3 Qb4 26.Bd2 Qb7 27.Bxa5 Nxc4 28.bxc4 Qa6 29.Bc7 Re8
30.g5 e4 31.Qf5 Qxa4 32.Re1 hxg5 33.hxg5 Nh7 34.Qd7 Qa8 35.Bf4 Re6 36.Rb1 Nf8
37.Qc7 Qa4 38.Qd8 Qxc4 39.Rb8 Qc5 40.Be3 Qa3 41.Ra8 Qb4 42.Rb8 Qa3 43.Ra8 Qb4
44.Kg2 Re5 45.Rb8 Qa3 46.Ra8 Qb4 47.Bd2 Qc5 48.Be3 Qb4  1/2-1/2

[Event "II Dunav-Drava-Sava"]
[Site "Borovo CRO"]
[Date "2010.01.11"]
[Round "1"]
[White "Markovic,L"]
[Black "Mrkonjic,N"]
[Result "0-1"]
[WhiteElo "2245"]
[BlackElo "2382"]

1.d4 d5 2.c4 c6 3.Nf3 Nf6 4.Nc3 dxc4 5.a4 Bf5 6.Ne5 Nbd7 7.Nxc4 Qc7 8.g3 e5
9.dxe5 Nxe5 10.Bf4 Nfd7 11.Bg2 f6 12.O-O O-O-O 13.Qc1 Nc5 14.Bxe5 fxe5 15.Qe3 Nb3
16.Rad1 Bc5 17.Qxe5 Qxe5 18.Nxe5 Rhe8 19.Nf7 Rd2 20.Rxd2 Nxd2 21.Rd1 Nc4
22.b3 Bc2 23.Rc1 Na3 24.Ne4 Bxe4 25.Rxc5 Kc7 26.e3 Bc2 27.Rc3 Bg6 28.Ng5 Kb6
29.b4 Nc2 30.Rc4 a5 31.bxa5+ Kxa5 32.Be4 Nb4 33.Bxg6 hxg6 34.Rg4 Kxa4 35.Nf7 b5
36.Rxg6 c5 37.Nd6 Re7 38.Rg5 Na6 39.Rd5 b4 40.Rd1 Kb3 41.e4 c4 42.Ra1 Ra7
43.Nc8 Kb2 44.Ra4 Kb3 45.Ra1 Rc7  0-1

[Event "2nd Kirov Memorial Open"]
[Site "Blagoevgrad BUL"]
[Date "2010.01.14"]
[Round "5"]
[White "Georgiev,Ki"]
[Black "Nikolov,Sas"]
[Result "1-0"]
[WhiteElo "2672"]
[BlackElo "2403"]

1.d4 d5 2.c4 c6 3.Nf3 Nf6 4.Nc3 dxc4 5.a4 Bf5 6.Ne5 e6 7.f3 Bb4 8.e4 Bxe4
9.fxe4 Nxe4 10.Bd2 Qxd4 11.Nxe4 Qxe4+ 12.Qe2 Bxd2+ 13.Kxd2 Qd5+ 14.Kc2 Na6
15.Nxc4 O-O 16.Qe5 Rab8 17.a5 f6 18.Qxd5 cxd5 19.Nd2 Rfc8+ 20.Kb1 Nc5 21.Bb5 a6
22.Be2 f5 23.Ra3 Rc7 24.Rc1 Rbc8 25.Rac3 e5 26.Nb3  1-0

[Event "Open"]
[Site "Prague CZE"]
[Date "2010.01.14"]
[Round "8"]
[White "Vokac,M"]
[Black "Damia,A"]
[Result "1-0"]
[WhiteElo "2479"]
[BlackElo "2315"]

1.d4 d5 2.c4 c6 3.Nf3 Nf6 4.Nc3 dxc4 5.a4 Bf5 6.Ne5 Nbd7 7.Nxc4 e6 8.f3 Bb4
9.e4 Bg6 10.Be3 Qc7 11.Qb3 a5 12.Be2 e5 13.dxe5 Nxe5 14.O-O Nxc4 15.Qxc4 O-O
16.Rac1 Qe7 17.Kh1 Rfd8 18.Bb6 Rd2 19.Rfd1 Rxb2 20.Bd4 Re8 21.Nb1 b5 22.axb5 cxb5
23.Qxb5 Bc3 24.Nxc3 Rxb5 25.Bxb5 Rd8 26.Bc6 h5 27.Nd5 Qe6 28.Bb6 Rc8 29.Nf4 Qxc6
30.Rxc6 Rxc6 31.Bxa5 Kh7 32.h4 Ng8 33.Rd8 Ne7 34.Bb4 Rc1+ 35.Kh2 Nc6 36.Rc8 Rc2
37.Bd6 Nd4 38.Rxc2 Nxc2 39.Bc5 Na1 40.Kg3 Nb3 41.Bb6 Nd2 42.Kf2 Nc4 43.Bc7 f6
44.Nxg6 Kxg6 45.Ke2 Kf7 46.Kd3 Na3 47.Bf4 Ke6 48.g4 g6 49.Bb8 Kd7 50.gxh5 gxh5
51.f4 f5 52.exf5 Ke7 53.Be5 Kf7 54.f6 Ke6 55.f5+ Kf7 56.Ke4 Nc4 57.Kf4 Nd2
58.Ba1 Nc4 59.Kg5 Ne3 60.Bd4 Nc2 61.Bb2 Ne3 62.Bc3 Nd5 63.Bd4 Nb4 64.Kxh5 Nc6  1-0

[Event "2nd Kirov Memorial Open"]
[Site "Blagoevgrad BUL"]
[Date "2010.01.15"]
[Round "7"]
[White "Drenchev,P"]
[Black "Bratanov,Z"]
[Result "1/2-1/2"]
[WhiteElo "2477"]
[BlackElo "2463"]

1.c4 Nf6 2.Nf3 c6 3.d4 d5 4.Nc3 dxc4 5.a4 Bf5 6.Ne5 Nbd7 7.Nxc4 Qc7 8.g3 e5
9.Bg2 Be6 10.dxe5 Nxe5 11.Nxe5 Qxe5 12.a5 Rd8 13.Qc2 a6  1/2-1/2

[Event "8th Parsvnath Open"]
[Site "New Delhi IND"]
[Date "2010.01.16"]
[Round "5"]
[White "Rajesh,VA"]
[Black "Dahale,A"]
[Result "1/2-1/2"]
[WhiteElo "2321"]
[BlackElo "2114"]

1.d4 d5 2.c4 c6 3.Nc3 Nf6 4.Nf3 dxc4 5.a4 Bf5 6.e3 e6 7.Bxc4 Bb4 8.O-O O-O
9.Qe2 Nbd7 10.e4 Bg4 11.Rd1 Qc7 12.e5 Nd5 13.Bd2 Nxc3 14.bxc3 Be7 15.Bd3 f6
16.exf6 Bxf6 17.h3 Bf5 18.Bc4 Kh8 19.g4 Bg6 20.Re1 Rae8 21.Bd3 Bxd3 22.Qxd3 Qd6
23.Re3 Bd8 24.Rae1 Nb6 25.Re5 Rf6 26.Ng5 g6 27.Ne4 Qd7 28.Nxf6 Bxf6 29.Ra5 a6
30.Rb1 Bd8 31.c4 Rf8 32.Be1 Rf7 33.Qb3 Kg8 34.Re5 Bc7 35.Re4 Qd6 36.f4 Nd7
37.Bg3 Nf6 38.c5 Qd7 39.Rxe6 Qxd4+ 40.Qe3 Qxa4 41.f5 Bxg3 42.Qxg3 gxf5 43.Rf1 Qd4+
44.Qe3 Qxe3+ 45.Rxe3 fxg4 46.hxg4 Nxg4 47.Rxf7 Kxf7 48.Rb3 Ke6 49.Rxb7 Kd5
50.Ra7 Kxc5 51.Rxa6 Kb5 52.Ra7 c5 53.Rxh7 c4 54.Kf1 Kb4 55.Ke2 Ne5 56.Kd2 Nf3+
57.Ke3 Ne1 58.Rc7 Nc2+ 59.Kd2 Nd4  1/2-1/2

[Event "8th Parsvnath Open"]
[Site "New Delhi IND"]
[Date "2010.01.16"]
[Round "5"]
[White "Karthikeyan,P"]
[Black "Deepan,C"]
[Result "1/2-1/2"]
[WhiteElo "2408"]
[BlackElo "2492"]

1.d4 d5 2.c4 c6 3.Nf3 Nf6 4.Nc3 dxc4 5.a4 Bf5 6.e3 e6 7.Bxc4 Bb4 8.O-O O-O
9.Qe2 Bg6 10.Ne5 Nbd7 11.Nxg6 hxg6 12.Na2 Be7  1/2-1/2

[Event "TCh-AUT 2009-10"]
[Site "Graz AUT"]
[Date "2010.01.17"]
[Round "7"]
[White "Nanu,C"]
[Black "Balogh,C"]
[Result "0-1"]
[WhiteElo "2506"]
[BlackElo "2613"]

1.d4 d5 2.c4 c6 3.Nf3 Nf6 4.Nc3 dxc4 5.a4 Bf5 6.e3 e6 7.Bxc4 Bb4 8.O-O Nbd7
9.Qe2 Bg6 10.e4 O-O 11.e5 Nd5 12.Bd2 Qa5 13.Rfc1 Rac8 14.Be1 N7b6 15.Nd2 Bxc3
16.bxc3 Nxc4 17.Qxc4 Nf4 18.Nb3 Qd5 19.Qxd5 cxd5 20.Ra2 Nd3 21.Rd1 Nxe1 22.Rxe1 Rxc3
23.Rb2 Rfc8 24.a5 b6 25.axb6 axb6 26.h3 h6 27.Nd2 Rc2 28.Rxc2 Rxc2 29.Nf3 Rc4
30.Ra1 Be4 31.Ra8+ Kh7 32.Rb8 Bxf3 33.gxf3 Rxd4 34.Rxb6 Rf4 35.Rb3 Kg6 36.Kg2 Rf5
37.Re3 Rg5+ 38.Kh2 Kf5 39.h4 Rg6 40.Kh3 Kf4 41.Kh2 d4 42.Re4+ Kxf3 43.Rxd4 Rg4  0-1

[Event "IMB3"]
[Site "Marianske Lazne CZE"]
[Date "2010.01.17"]
[Round "2"]
[White "Kashlinskaya,A"]
[Black "Kolesar,Mil"]
[Result "1-0"]
[WhiteElo "2315"]
[BlackElo "2211"]

1.d4 d5 2.c4 c6 3.Nc3 Nf6 4.Nf3 dxc4 5.a4 Bf5 6.e3 e6 7.Bxc4 Bb4 8.O-O Nbd7
9.Qe2 Bg6 10.e4 O-O 11.Bd3 Bh5 12.e5 Nd5 13.Nxd5 cxd5 14.Qe3 Be7 15.Ng5 Bxg5
16.Qxg5 Bg6 17.Be2 Qxg5 18.Bxg5 Nb8 19.Bd2 Nc6 20.Bc3 Rfc8 21.a5 a6 22.h4 h5
23.Rfc1 Kh7 24.b4 Kg8 25.Kf1 Rc7 26.Ke1 Rac8 27.Kd2 Na7 28.Bd1 Rc4 29.Bb3 R4c6
30.Bb2 Nb5 31.Rc5 f5 32.Ke3 Be8 33.Bd1 g6 34.f3 Na7 35.g4 Rxc5 36.bxc5 hxg4
37.fxg4 Nc6 38.Bf3 Ne7 39.Rg1 Kh7 40.Bc1 Bb5 41.h5 gxh5 42.gxh5 Rg8 43.Rxg8 Kxg8
44.Bd2 Kg7 45.Kf4 Nc6 46.Bc3 Kh6 47.Kg3 Bd3 48.Kh4 Be4 49.Bd1 f4 50.Bg4 f3
51.Kg3 Ne7 52.Bd2+ Kh7 53.Bxe6 Bf5 54.Bf7 Be4 55.e6 Nf5+ 56.Kf2 Kg7 57.h6+ Kh7
58.Bg5  1-0

[Event "8th Parsvnath Open"]
[Site "New Delhi IND"]
[Date "2010.01.18"]
[Round "7"]
[White "Karthikeyan,P"]
[Black "Deshpande,Ani"]
[Result "1/2-1/2"]
[WhiteElo "2408"]
[BlackElo "2256"]

1.d4 d5 2.c4 c6 3.Nf3 Nf6 4.Nc3 dxc4 5.a4 Bf5 6.Ne5 Nbd7 7.Nxc4 Qc7 8.g3 e5
9.dxe5 Nxe5 10.Bf4 Nfd7 11.Bg2 g5 12.Bxe5 Nxe5 13.Qd4 f6 14.O-O-O Be7 15.Ne3 Be6
16.Qe4 Bb3 17.f4 gxf4 18.gxf4 Ng6 19.Rd4 Rd8 20.Rxd8+ Kxd8 21.Rf1 Bd6 22.Qd3 Ne7
23.Ne4 Bd5 24.Nxf6 Bxf4 25.Nxd5 cxd5+ 26.Kb1 Bxe3 27.Qxe3 Rg8 28.Bh3 Qb6
29.Qf4 Qg6+ 30.Ka1 Nc6 31.Rd1 d4 32.e3 Rg7 33.Qf8+ Kc7 34.exd4 Rf7 35.Qc5 Qd6
36.Qh5 Rf2 37.Qxh7+ Kb6 38.Qd3 Qb4 39.Qb5+ Qxb5 40.axb5 Kxb5 41.d5 Nd8 42.Bd7+ Kc5
43.h3 Kd6 44.Bg4 Nf7 45.Ka2 Ne5 46.Be6 Nc4  1/2-1/2

[Event "8th Parsvnath Open"]
[Site "New Delhi IND"]
[Date "2010.01.20"]
[Round "9"]
[White "Karthikeyan,P"]
[Black "Grover,S"]
[Result "1-0"]
[WhiteElo "2408"]
[BlackElo "2448"]

1.d4 d5 2.c4 c6 3.Nf3 Nf6 4.Nc3 dxc4 5.a4 Bf5 6.Ne5 Na6 7.e3 Nb4 8.Bxc4 e6
9.O-O Be7 10.a5 Bc2 11.Qe2 Nd7 12.f4 Nxe5 13.fxe5 O-O 14.Na2 Bg6 15.Bd2 Nxa2
16.Bxa2 Qd7 17.Bc3 Kh8 18.e4 f6 19.exf6 Rxf6 20.Qg4 Raf8 21.Rxf6 Bxf6 22.Rd1 Qe8
23.Rf1 e5 24.d5 cxd5 25.Bxd5 h5 26.Qg3 h4 27.Qe3 Qb5 28.Rf2 Kh7 29.Qh3 Bh5
30.g4 Qc5 31.Kg2 Bg6 32.b4 Qe7 33.Bd2 Bf7 34.Bxf7 Rxf7 35.g5 Bxg5 36.Rxf7 Qxf7
37.Bxg5 Qa2+ 38.Kf3 Qb3+ 39.Kg4 Qd1+ 40.Qf3 Qg1+ 41.Kxh4 Qxh2+ 42.Kg4 Qb2
43.Be7 b6 44.axb6 axb6 45.Kf5 Kg8 46.Kg6  1-0

[Event "IMB3"]
[Site "Marianske Lazne CZE"]
[Date "2010.01.22"]
[Round "8"]
[White "Kashlinskaya,A"]
[Black "Sadzikowski,D"]
[Result "0-1"]
[WhiteElo "2315"]
[BlackElo "2287"]

1.d4 d5 2.c4 c6 3.Nc3 Nf6 4.Nf3 dxc4 5.a4 Bf5 6.e3 e6 7.Bxc4 Bb4 8.O-O O-O
9.Qe2 Ne4 10.Nxe4 Bxe4 11.Bd3 Bxd3 12.Qxd3 Nd7 13.e4 Qa5 14.b3 Rad8 15.Bb2 Ne5
16.Nxe5 Qxe5 17.Qe2 Qd6 18.Rad1 f5 19.f3 Kh8 20.Kh1 Rf7 21.Qc4 a5 22.g3 Rfd7
23.Qc2 Qf8 24.g4 fxg4 25.fxg4 Rf7 26.Qg2 Rdd7 27.Kg1 Rxf1+ 28.Rxf1 Rf7 29.Rxf7 Qxf7
30.Qg3 h6 31.Kg2 Kh7 32.Bc1 c5 33.Bb2 cxd4 34.Bxd4 Qd7 35.Qe3 Qc6 36.Qd3 Kg8
37.Bb2 b6 38.Kf3 Qc7 39.h4 Qh2 40.Qd4 Qh3+ 41.Ke2 Qxg4+ 42.Kd3 Qd1+ 43.Kc4 Qe2+
44.Qd3 Qxd3+ 45.Kxd3 Bc5 46.h5 Kf7 47.Ke2 g6 48.hxg6+ Kxg6 49.Kf3 h5 50.Kg3 Bd6+
51.Kf3 Kg5 52.Bd4 Bc5 53.Bc3 h4 54.Bd2+ Kh5 55.Bc3 Kg5 56.Bd2+ Kh5 57.Bc3 h3
58.Kg3 h2 59.Kxh2 Kg4 60.Kg2 Kf4 61.Kf1 Ke3 62.Bf6 Kd3  0-1

[Event "GMA"]
[Site "Marianske Lazne CZE"]
[Date "2010.01.22"]
[Round "8"]
[White "Rapport,R"]
[Black "Orzech,D"]
[Result "0-1"]
[WhiteElo "2444"]
[BlackElo "2411"]

1.d4 Nf6 2.c4 c6 3.Nc3 d5 4.Nf3 dxc4 5.a4 Bf5 6.Ne5 Nbd7 7.Nxc4 Nb6 8.Ne3 Bg6
9.a5 Nbd7 10.g3 e6 11.Bg2 Qc8 12.O-O Be7 13.Qb3 O-O 14.Nc4 Rd8 15.Bf4 Nd5
16.Nd6 Bxd6 17.Bxd6 N7f6 18.Be5 Ng4 19.Nxd5 exd5 20.Bf4 a6 21.Ra4 Re8 22.Rb4 Re7
23.f3 Nf6 24.Be5 Qd7 25.h4 Ne8 26.e4 c5 27.Ra4 dxe4 28.f4 Qb5 29.Qa2 Bf5
30.d5 Rd8 31.Bxe4 Bxe4 32.Rxe4 Nd6 33.Ree1 Nc4 34.Bc3 Re3 35.Kf2 Rd3 36.Re7 R3xd5
37.Rfe1 h5 38.Qb1 Nd2 39.Qc2 Qc6 40.R1e6 R5d6 41.Rxd6 Qxd6 42.Re5 g6 43.Qa4 Kf8
44.Re2 Nb1 45.Be5 Qd3 46.Bf6 Rc8 47.Qc2 Qxc2 48.Rxc2 Rc6 49.Bg5 c4 50.f5 c3
51.f6 Ke8 52.Kg2 Nd2 53.bxc3 Nc4 54.Ra2 Rc5 55.Ra4 Nxa5 56.Re4+ Kd8 57.Be3 Rc6
58.Re7 Nc4 59.Bf4 Rxf6 60.Rxb7 Ke8 61.Bg5 Re6 62.Rc7 Nd6 63.c4 Nf5 64.c5 f6
65.Bf4 Kd8 66.Rb7 Rc6 67.Rb6 Kd7 68.Rb7+ Ke6 69.Bd6 Nxd6 70.cxd6 Kxd6 71.Kf3 Kc5
72.g4 hxg4+ 73.Kxg4 a5 74.Rg7 a4 75.Rxg6 f5+ 76.Kxf5 Rxg6 77.Kxg6 a3 78.h5 a2
79.h6 a1=Q 80.Kf7 Qh8  0-1

[Event "ch-BUL S/F Men"]
[Site "Plovdiv BUL"]
[Date "2010.01.25"]
[Round "2"]
[White "Mladenov,P"]
[Black "Stanoev,A"]
[Result "1/2-1/2"]
[WhiteElo "2394"]
[BlackElo "2202"]

1.Nf3 Nf6 2.c4 d5 3.d4 c6 4.Nc3 dxc4 5.a4 Bf5 6.Ne5 Nbd7 7.Nxc4 Qc7 8.g3 e5
9.dxe5 Nxe5 10.Bf4 Nfd7 11.Bg2 f6 12.O-O O-O-O 13.a5 Nc5 14.Qe1 Nb3 15.Ra4 Nc5
16.Ra1 Nb3 17.Ra4 Nc5 18.Ra1 Nb3  1/2-1/2

[Event "ch-BUL S/F Women"]
[Site "Plovdiv BUL"]
[Date "2010.01.26"]
[Round "3"]
[White "Ivanova,G"]
[Black "Galunova,T"]
[Result "1/2-1/2"]
[WhiteElo "1669"]
[BlackElo "1965"]

1.d4 d5 2.c4 c6 3.Nf3 Nf6 4.Nc3 dxc4 5.a4 Bf5 6.e3 e6 7.Bxc4 Bb4 8.O-O O-O
9.Qe2 Nbd7 10.e4 Bg6 11.Bd3 c5 12.Rd1 cxd4 13.e5 dxc3 14.Bxg6 hxg6 15.exf6 Qc7
16.fxg7 Kxg7 17.Qe4 Bd6 18.Qd4+ Be5 19.Nxe5 Qxe5 20.bxc3 Rfd8 21.Ba3 Qxd4
22.Rxd4 Nb6 23.Rad1 Rxd4 24.Rxd4 Rc8 25.g4 e5 26.Rb4 Rxc3 27.Bb2 Rc5 28.f4 Nc4
29.Bxe5+ Nxe5 30.fxe5 Rxe5 31.Rxb7 a5  1/2-1/2

[Event "8th Gibtelecom Masters"]
[Site "Caleta ENG"]
[Date "2010.01.28"]
[Round "3"]
[White "Solomon,K"]
[Black "Cramling,P"]
[Result "0-1"]
[WhiteElo "2368"]
[BlackElo "2528"]

1.d4 d5 2.Nf3 Nf6 3.c4 c6 4.Nc3 dxc4 5.a4 Bf5 6.Ne5 Nbd7 7.Nxc4 Qc7 8.g3 e5
9.dxe5 Nxe5 10.Bf4 Nfd7 11.Bg2 f6 12.O-O O-O-O 13.Nd5 cxd5 14.Ne3 Be4 15.Rc1 Nc5
16.b4 Bxg2 17.Nxg2 g5 18.Bxe5 fxe5 19.Qc2 Kb8 20.bxc5 Rc8 21.Qb3 Bxc5 22.Qxd5 Rhd8
23.Qb3 Qb6 24.Qf7 Rf8 25.Qg7 Qf6 26.Qxh7 Qxf2+ 27.Rxf2 Bxf2+  0-1

[Event "ch-BUL S/F Men"]
[Site "Plovdiv BUL"]
[Date "2010.01.28"]
[Round "7"]
[White "Marholev,D"]
[Black "Mladenov,P"]
[Result "1/2-1/2"]
[WhiteElo "2431"]
[BlackElo "2394"]

1.d4 d5 2.c4 c6 3.Nf3 Nf6 4.Nc3 dxc4 5.a4 Bf5 6.e3 e6 7.Bxc4 Bb4 8.Qb3 a5
9.O-O Nbd7 10.Na2 Be7 11.Qxb7 Rb8 12.Qa7 Ra8 13.Qb7 Rb8 14.Qa7 Ra8 15.Qb7 Rb8
16.Qa7  1/2-1/2

[Event "8th Gibtelecom Masters"]
[Site "Caleta ENG"]
[Date "2010.02.01"]
[Round "7"]
[White "Cori T.,D"]
[Black "Demac,E"]
[Result "1-0"]
[WhiteElo "2412"]
[BlackElo "2104"]

1.d4 d5 2.c4 c6 3.Nf3 Nf6 4.Nc3 dxc4 5.a4 Bf5 6.Ne5 Nbd7 7.Nxc4 Nb6 8.Nxb6 Qxb6
9.a5 Qc7 10.a6 b6 11.g3 Rd8 12.Bf4 Qd7 13.Bg2 e6 14.O-O Be7 15.Qa4 b5 16.Qb3 O-O
17.e4 Bg6 18.d5 cxd5 19.exd5 b4 20.dxe6 Qxe6 21.Qxe6 fxe6 22.Nb5 Bd3 23.Nxa7 Bxf1
24.Kxf1 Bc5 25.Nc6 Rd7 26.Ra5 Ba7 27.Nxa7 Rxa7 28.Be3 Rff7 29.Bxa7 Rxa7 30.Ke2 Nd7
31.Bb7 Kf8 32.Kd3 Nb6 33.Kd4 Ke7 34.Kc5  1-0

[Event "ch-ROU w"]
[Site "Baile Olanesti ROU"]
[Date "2010.02.02"]
[Round "3"]
[White "Bulmaga,E"]
[Black "Visanescu,D"]
[Result "0-1"]
[WhiteElo "1769"]
[BlackElo "1915"]

1.d4 d5 2.c4 c6 3.Nc3 Nf6 4.Nf3 dxc4 5.a4 Bf5 6.e3 e6 7.Bxc4 Nbd7 8.O-O Bb4
9.Qe2 O-O 10.e4 Bg6 11.Bd3 Bh5 12.e5 Nd5 13.Nxd5 cxd5 14.Qe3 h6 15.h3 f5
16.exf6 Qxf6 17.Bd2 Bd6 18.Rae1 Rac8 19.Ne5 Bxe5 20.dxe5 Qh4 21.Bb5 d4 22.Qe4 Qxe4
23.Rxe4 Rcd8 24.f4 Nc5 25.Ree1 Be8 26.Bb4 Bxb5 27.axb5 b6 28.Rd1 Rd5 29.Rf3 Rfd8
30.Ra3 R8d7 31.Bxc5 Rxc5 32.Rad3 Rxb5 33.Rxd4 Rxd4 34.Rxd4 Rxb2 35.Rd8+ Kh7
36.Re8 a5 37.Rxe6 a4 38.Re8 a3 39.Ra8 a2 40.Kh2 Kg6 41.e6 Kf6 42.f5 b5 43.Rf8+ Ke7
44.Rf7+ Ke8 45.Ra7 b4 46.Ra8+ Ke7 47.Ra7+ Kd6 48.e7 Re2 49.Rxa2 Rxe7 50.Ra6+ Kc5
51.f6 gxf6 52.Rxf6 b3 53.Rf2 Rb7 54.Rb2 Kc4 55.g4 Kc3 56.Rg2 b2 57.Rxb2 Rxb2+
58.Kg3 Kd4  0-1

[Event "8th Gibtelecom Masters"]
[Site "Caleta ENG"]
[Date "2010.02.02"]
[Round "8"]
[White "Cmilyte,V"]
[Black "Sedina,E"]
[Result "1/2-1/2"]
[WhiteElo "2489"]
[BlackElo "2335"]

1.Nf3 Nf6 2.c4 c6 3.d4 d5 4.Nc3 dxc4 5.a4 Bf5 6.Nh4 Bc8 7.e3 e5 8.Bxc4 exd4
9.exd4 Be7 10.Nf3 O-O 11.O-O Bg4 12.Be3 Na6 13.h3 Bxf3 14.Qxf3 Nb4 15.Rac1 a5
16.Rfe1 Nfd5 17.Bxd5 cxd5 18.Bf4 Bg5 19.Bxg5 Qxg5 20.Nb5 Nc6 21.Rc5 Rad8
22.g3 h6 23.h4 Qd2 24.Qc3 Qxc3 25.bxc3 Rd7 26.Na3 Rc8 27.Rb1 Ne7 28.Rbb5 Rxc5
29.dxc5 Nc6 30.Nc2 Re7 31.Ne3 Rd7 32.Nf5 d4 33.cxd4 Nxd4 34.Nxd4 Rxd4 35.Rxa5 g5
36.h5 Kg7 37.Rb5 Rxa4 38.Rxb7 Rc4 39.Rc7 g4 40.Kf1 Rc2 41.Rc6 Rc1+ 42.Kg2 Re1
43.Rc8 Re5 44.Kf1 Rxh5 45.c6 Re5 46.c7 Rc5 47.Ke2 h5 48.Ke3 Rc3+ 49.Kd4 Rc1
50.Ke5 Rc2 51.Ke4 Rc5 52.Kf4 Kh7 53.Ke4 Kg7 54.Kd4 Rc1 55.Ke5 Rc2 56.Kd6 Rd2+
57.Ke5  1/2-1/2

[Event "8th Gibtelecom Masters"]
[Site "Caleta ENG"]
[Date "2010.02.02"]
[Round "8"]
[White "Cramling,P"]
[Black "Hirneise,T"]
[Result "1-0"]
[WhiteElo "2528"]
[BlackElo "2421"]

1.d4 d5 2.Nf3 Nf6 3.c4 c6 4.Nc3 dxc4 5.a4 Bf5 6.Ne5 Nbd7 7.Nxc4 Nb6 8.Ne5 a5
9.Bg5 g6 10.e3 Bg7 11.Bd3 Bxd3 12.Nxd3 Nc8 13.O-O O-O 14.Qb3 Nd6 15.Rfd1 Re8
16.Rac1 Ra6 17.Nc5 Qb6 18.Qc2 Raa8 19.h3 Rad8 20.e4 Nd7 21.Nxd7 Rxd7 22.Ne2 Nc8
23.Be3 Qa6 24.b3 Red8 25.Rd2 e5 26.Rcd1 exd4 27.Nxd4 Re8 28.Ne2 Rxd2 29.Qxd2 Bf8
30.Ng3 Be7 31.Qd7 Rd8 32.Qxd8+ Bxd8 33.Rxd8+ Kg7 34.Bd4+ f6 35.Rxc8  1-0

[Event "ch-ROU m"]
[Site "Baile Olanesti ROU"]
[Date "2010.02.05"]
[Round "7"]
[White "Miron,L"]
[Black "Nanu,C"]
[Result "1/2-1/2"]
[WhiteElo "2478"]
[BlackElo "2506"]

1.d4 d5 2.c4 c6 3.Nf3 Nf6 4.Nc3 dxc4 5.a4 Bf5 6.Nh4 Be6 7.e4 g6 8.Be2 Bg7
9.O-O Na6 10.f4 Nb4 11.e5 Nd3 12.Be3 Nd5 13.Nxd5 Bxd5 14.b3 e6 15.bxc4 Nb2
16.Qb3 Nxc4 17.Bxc4 Bxc4 18.Qxc4 Qxh4 19.Rfb1 Qe7 20.Rb3 O-O 21.Rab1 Rfb8
22.Qc2 Qd7 23.a5 Bf8 24.Qb2 b5 25.axb6 axb6 26.Rxb6 Rxb6 27.Qxb6 Qd5 28.Bf2 Qe4
29.Re1 Qc2 30.Qb1 Ra2 31.Qxc2 Rxc2 32.Rb1 c5 33.dxc5 Bxc5 34.Bxc5 Rxc5 35.h4 h6
36.Kf2 Kg7 37.g3  1/2-1/2

[Event "TCh-Eur Seniors"]
[Site "Dresden GER"]
[Date "2010.02.15"]
[Round "6"]
[White "Biller,H"]
[Black "Schroeder,Christi"]
[Result "1/2-1/2"]
[WhiteElo "2158"]
[BlackElo "2071"]

1.d4 d5 2.c4 c6 3.Nf3 Nf6 4.Nc3 dxc4 5.a4 Bf5 6.e3 e6 7.Bxc4 Bb4 8.O-O Nbd7
9.Qb3 Qb6 10.Nh4 O-O 11.Nxf5 exf5 12.Rd1 Rad8 13.Bd2 a5 14.Be1 Qc7 15.Rac1 Nb6
16.Bd3 Qd7 17.Na2 Bxe1 18.Qxb6 Nd5 19.Qc5 Bb4 20.Nxb4 axb4 21.a5 f4 22.e4 Nf6
23.Qxb4 Qxd4 24.Qxd4 Rxd4 25.e5 Rfd8 26.exf6 Rxd3 27.Rxd3 Rxd3 28.Kf1 f3
29.gxf3 Rxf3 30.a6 bxa6 31.Rxc6 gxf6 32.Rxa6 Rb3  1/2-1/2

[Event "Open"]
[Site "Novy Bor CZE"]
[Date "2010.02.17"]
[Round "6"]
[White "Hantak,A"]
[Black "Loktiev,I"]
[Result "1/2-1/2"]
[WhiteElo "2195"]
[BlackElo "2243"]

1.d4 d5 2.Nf3 Nf6 3.c4 c6 4.Nc3 dxc4 5.a4 Bf5 6.Ne5 Nbd7 7.Nxc4 Nb6 8.Ne5 Nbd7
9.Bf4 e6 10.g3 Bb4 11.Bg2 Nxe5 12.Bxe5 O-O 13.O-O a5 14.e4 Bg6 15.h4 h6 16.Rc1 Bxc3
17.Bxf6 Qxf6 18.bxc3 Rfd8 19.Qb3 Qe7 20.Rfe1 Qc7 21.Rb1 Rd7 22.Rb2 Qd6 23.Rd2 Rb8
24.Qb6 Qc7 25.Rb2 Qxb6 26.Rxb6 Ra8 27.Reb1 Ra7 28.R1b2 Kf8 29.g4 Ke7 30.f4 f6
31.Kf2 Kd8 32.Ke3 Kc7 33.Bf1 e5 34.fxe5 fxe5 35.Bc4 Bf7 36.Bxf7 Rxf7 37.dxe5 Re7
38.Kf4 Rf7+ 39.Ke3 Re7 40.R6b3 Rxe5 41.Rf2 Re7 42.c4 Ra8  1/2-1/2

[Event "Brazil Open"]
[Site "Rio de Janeiro BRA"]
[Date "2010.02.21"]
[Round "4"]
[White "Borges,Gu"]
[Black "Diaz Millan,R"]
[Result "1-0"]
[WhiteElo "2183"]
[BlackElo "2014"]

1.d4 d5 2.c4 c6 3.Nc3 Nf6 4.Nf3 dxc4 5.a4 Bf5 6.e3 Nbd7 7.Bxc4 e6 8.O-O Bd6
9.Qe2 Bg4 10.h3 Bh5 11.Rd1 e5 12.g4 Nxg4 13.hxg4 Bxg4 14.Ne4 Bc7 15.Bxf7+ Ke7
16.b3 h6 17.Qc4 Nb6 18.Ba3+ Bd6 19.Bxd6+ Qxd6 20.Nxd6 Nxc4 21.Bxc4 Bxf3 22.dxe5 Bxd1
23.Rxd1 Rhf8 24.Nxb7 Rab8 25.Nd6 a5 26.f4 g6 27.Rd2  1-0

[Event "Angora GM Schev"]
[Site "Ankara TUR"]
[Date "2010.02.23"]
[Round "3"]
[White "Grigore,Ge"]
[Black "Firat,B"]
[Result "1/2-1/2"]
[WhiteElo "2542"]
[BlackElo "2413"]

1.d4 d5 2.c4 c6 3.Nf3 Nf6 4.Nc3 dxc4 5.a4 Bf5 6.Ne5 e6 7.f3 c5 8.e4 Bg6 9.Be3 cxd4
10.Qxd4 Qxd4 11.Bxd4 Nfd7 12.Nxd7 Nxd7 13.Bxc4 a6 14.a5 Rg8 15.Kf2 Rc8 16.Be2 Bc5
17.Bxc5 Nxc5 18.Ra3 Ke7 19.b4 Nd7 20.b5 axb5 21.Rb1 Nc5 22.Rxb5 Rc7 23.Na4 Nxa4
24.Rxa4 Ra8 25.e5 Ra7 26.Rc4 Rxc4 27.Bxc4 Bc2 28.Rc5 Kd8 29.Ke3 Ba4 30.Bd3 h6
31.Be4 Kd7 32.Kd4 Bc6 33.Bxc6+ bxc6 34.Kc3 Kc7 35.f4 Ra8 36.g3 g5 37.fxg5 hxg5
38.h4 gxh4 39.gxh4 Rf8 40.Rc4 f5 41.Kd3 Rg8 42.Ra4 Kb7 43.Rb4+ Ka6 44.Rb6+ Kxa5
45.Rxc6 Rh8 46.Rxe6 Rxh4 47.Rf6 Kb5 48.Rxf5 Kc5 49.e6+ Kd6 50.e7 Kxe7  1/2-1/2

[Event "Reykjavik Open"]
[Site "Reykjavik ISL"]
[Date "2010.02.27"]
[Round "5"]
[White "Maze,S"]
[Black "Sareen,V"]
[Result "1-0"]
[WhiteElo "2554"]
[BlackElo "2364"]

1.d4 d5 2.Nf3 Nf6 3.c4 c6 4.Nc3 dxc4 5.a4 Bf5 6.Nh4 Bc8 7.e3 e5 8.Bxc4 exd4
9.exd4 Be7 10.O-O O-O 11.Re1 Na6 12.Bg5 Nc7 13.Qb3 Ncd5 14.Nxd5 cxd5 15.Bd3 h6
16.Bxf6 Bxf6 17.Nf3 Qd6 18.Ne5 Be6 19.Bc2 g6 20.Qg3 Bg7 21.Rad1 Rfe8 22.h4 Rac8
23.Bb1 h5 24.Re3 Bd7 25.Qf4 Be6 26.b3 Qd8 27.Rde1 Qf6 28.Qg3 Bf5 29.Rf3 Qe6
30.Bxf5 gxf5 31.Rfe3 Qh6 32.Qf3 f4 33.R3e2 Rcd8 34.Qd3 Qh7 35.Qb5 b6 36.Nf3 Rxe2
37.Rxe2 Qf5 38.Kh2 Bf6 39.Qa6 Rc8 40.Qxa7 Rc1 41.Qxb6 Kg7 42.Qb4 Bxh4 43.Qd2 Qb1
44.Re1 Rxe1 45.Qxe1 Qxe1 46.Nxe1 Bxf2 47.Nf3  1-0

[Event "Reykjavik Open"]
[Site "Reykjavik ISL"]
[Date "2010.03.02"]
[Round "8"]
[White "Gupta,Ab"]
[Black "Sokolov,Ivan"]
[Result "1-0"]
[WhiteElo "2577"]
[BlackElo "2649"]

1.d4 d5 2.c4 c6 3.Nc3 Nf6 4.Nf3 dxc4 5.a4 Bf5 6.Ne5 Nbd7 7.Nxc4 Nb6 8.Ne5 a5
9.e3 g6 10.Bd3 Bxd3 11.Nxd3 Nbd5 12.Qb3 Qb6 13.Qxb6 Nxb6 14.Ke2 Bg7 15.b3 O-O
16.Bd2 Nbd5 17.Nxd5 Nxd5 18.Rac1 Ra7 19.f3 Nb6 20.Rhd1 Nd7 21.Be1 Re8 22.Nc5 Nf8
23.Bg3 Rc8 24.Rc4 Ne6 25.Be1 Rca8 26.d5 cxd5 27.Rxd5 Nf8 28.Nd3 Bf6 29.e4 b6
30.Bf2 Rb7 31.Rb5 Nd7 32.Nc5 Nxc5 33.Bxc5 Rab8 34.Be3 e6 35.Bf4 e5 36.Be3 Bd8
37.Rxe5 Bc7 38.Rb5 Re8 39.Rc6 f5 40.exf5 Bxh2 41.Re6 Rc8 42.fxg6 Rd7 43.f4  1-0

[Event "ch-BUL U20 Girls"]
[Site "Sofia BUL"]
[Date "2010.03.09"]
[Round "3"]
[White "Venkova,P"]
[Black "Galunova,T"]
[Result "0-1"]
[WhiteElo "1818"]
[BlackElo "1984"]

1.d4 d5 2.c4 c6 3.Nc3 Nf6 4.Nf3 dxc4 5.a4 Bf5 6.e3 e6 7.Bxc4 Bb4 8.O-O O-O
9.Qe2 Nbd7 10.Ne5 Nxe5 11.dxe5 Nd7 12.e4 Bg6 13.f4 Nc5 14.f5 Bh5 15.Qe3 Nd7
16.Qg3 Nxe5 17.Ba2 Ng4 18.h3 Bd6 19.Bf4 Bxf4 20.Rxf4 Qd4+ 21.Kh1 e5 22.Rxg4 Bxg4
23.Qxg4 Qd2 24.f6 Qh6 25.fxg7 Qxg7 26.Qe2 Rad8 27.Rd1 Rd4 28.Kh2 Qg5 29.Qf3 Rxd1
30.Nxd1 Qd2 31.Bc4 Qf4+ 32.Qxf4 exf4 33.Nf2 Rd8 34.b3 Rd2 35.Kg1 Kg7 36.Kf1 a6
37.Be2 Rb2 38.Bd1 Kf6 39.Nd3 Rd2 40.Be2 Kg5 41.Nc5 b5 42.Nxa6 bxa4 43.bxa4 Ra2
44.Bd1 Kh4 45.Nb4 Ra1 46.Ke2 Kg3 47.Nxc6 Kxg2 48.Ne5 f6 49.Ng4 Kxh3 50.Nxf6 Kg3
51.Nh5+ Kg4 52.Kd2+ f3 53.Nf6+ Kg3 54.Bxf3 Kxf3 55.e5  0-1